| 000 | 01120nam a22003017a 4500 | ||
|---|---|---|---|
| 001 | 5402 | ||
| 003 | FISKH | ||
| 005 | 20250815121913.0 | ||
| 008 | 241203b cb ||||| |||| 00| 0 eng d | ||
| 020 | _a0439217229 | ||
| 040 |
_aFISKH _beng _cFISKH _dFISKH |
||
| 050 | _aQL467.W64 | ||
| 082 | _a595.7 | ||
| 100 | _aWoods, Samuel G. | ||
| 245 |
_aThe amazing book of insect records : _b The heaviest, the loudest, the most poisonous, and many more! / _c Samuel G. Woods |
||
| 250 | _aFirst Scholastic printing, October 2000 | ||
| 260 |
_aNew York : _bScholastic ; _c1999. |
||
| 300 |
_a32 pages : _bcolor illustrations ; _c23 cm . |
||
| 505 | _aZ | ||
| 520 | _aPresents information about various insects in answer to such questions as: What's the loudest insect; what's the insect that travels farthest in migration; and what's the insect with the deadliest poison? | ||
| 521 | 8 |
_a950
_bLexile IG |
|
| 521 | 8 |
_aZ
_bRaz-Plus |
|
| 650 |
_aScience & Nature _vNon-fiction |
||
| 650 |
_aanimals _vNon-fiction |
||
| 700 |
_aMacCabe, Richard _eillustrator |
||
| 942 |
_2ddc _cBK _n0 |
||
| 999 |
_c5402 _d5402 |
||